| 000 | 00919nas a2200253Ia 4500 | ||
|---|---|---|---|
| 001 | R035/D0779 | ||
| 003 | IT-RoPAU | ||
| 008 | 151124c99999999xx |||||||||||| ||und|| | ||
| 040 | _aIT-RoPAU | ||
| 040 | _cIT-RoPAU | ||
| 041 | _aITALIANO | ||
| 100 |
_aCappabianca Alessandro _gCodice Aut. SPICS: 8481 |
||
| 210 | _aSEGNO CINEMA | ||
| 222 | _aSegno Cinema | ||
| 245 |
_aSEGNO CINEMA, ANNO 15-N.72 (MARZO/APRILE 1995) _bEnigma Della Bruttezza (L') |
||
| 250 | _a1a ed. | ||
| 260 |
_aVICENZA _bCINEFORUM _c1995 |
||
| 501 |
_bPaulus - SPICS - Società San Paolo EM (non-commercial uses only) _cCopyright2015 |
||
| 300 | _a3 p. [18-20] | ||
| 362 | _aANNO 015, N.72 (MARZO/APRILE 1995) | ||
| 500 | _aDal Mostruoso All'Insignificante. per una Storia dell'Opacità dei Corpi nel Cinema. Paradigma della Bruttezza. Gusto Cinematografico. Il Brutto Oggi. | ||
| 650 |
_aCINEMA _vPUBBLICAZIONE PERIODICA |
||
| 942 | _cCR | ||
| 999 |
_c136136 _d136136 |
||